| 000 | 00474nam a2200157 i 4500 | ||
|---|---|---|---|
| 001 | 27976 | ||
| 003 | ES-MaACL | ||
| 007 | t| | ||
| 008 | 030116s1970 ag ||||1| spa d | ||
| 100 | 1 |
_aBahrdt, Hans Paul. _924672 |
|
| 245 | 1 | 3 |
_aLa moderna metrópoli... / _cHans Paul Bahrdt ; [traducida por Fedérico Sperber]. |
| 260 |
_aBuenos Aires : _bEudeba, _c[1970] |
||
| 300 |
_a199 p. ; _c19 cm. |
||
| 700 | 1 |
_aSperber, Fedérico. _9107700 |
|
| 852 |
_aES-MaACL _jE-9605 _bR.94279 |
||
| 999 |
_c27976 _d27976 |
||